[Event "Madurai Athens of the East op-B U1600"]
[Site "Madurai"]
[Date "2023.12.28"]
[Round "6"]
[White "Prawin, K."]
[Black "Manikandan, Tayalan"]
[Result "1/2-1/2"]
[WhiteElo "1558"]
[BlackElo "1459"]
[PlyCount "47"]
[EventDate "2023.12.27"]
[EventType "swiss"]
[EventRounds "9"]
[EventCountry "IND"]
[SourceTitle "CB02_2024"]
[SourceDate "2024.01.10"]
[SourceVersion "1"]
[SourceVersionDate "2024.01.10"]
[SourceQuality "1"]

1. e4 e5 2. Nf3 Nc6 3. Bc4 Bc5 4. c3 Nf6 5. d4 exd4 6. e5 d5 7. Bb5 Ne4 8. cxd4 Bb6 9. h3 0-0 10. Nc3 f6 11. Be3 fxe5 12. Bxc6 bxc6 13. Nxe5 Qh4 14. Nxe4 Qxe4 15. 0-0 c5 16. dxc5 Qxe5 17. cxb6 axb6 18. b4 Ba6 19. Re1 Qd6 20. a4 c5 21. Qd2 Qd7 22. Qd1 Qd6 23. Qd2 Qd7 24. Qd1 1/2-1/2